Historia de Bolivia

Guardat en:
Dades bibliogràfiques
Autors principals: Mesa, José de (autor), Gisbert Carbonell, Teresa (Autor)
Altres autors: Mesa Gisbert, Carlos D. (autor)
Format: Llibre
Idioma:espanyol
Publicat: La Paz Gisbert 2003
Edició:5a. ed
Matèries:
Etiquetes: Afegir etiqueta
Sense etiquetes, Sigues el primer a etiquetar aquest registre!

MARC

LEADER 00000nam a2200000 a 4500
001 UCH3391
003 CL-VaPUC
008 090723e20030000BO |||||||||||||||||spa|d
020 |a 9990580049 
082 0 4 |a 984  |b MES  |2 21 
100 |a Mesa, José de  |e autor  |9 507765 
700 |a Gisbert Carbonell, Teresa  |e author  |9 538714 
700 |a Mesa Gisbert, Carlos D.  |e autor  |9 538715 
245 1 0 |a Historia de Bolivia 
250 |a 5a. ed 
300 |a 912 p 
942 |c BK 
945 |d 20090723 00:00:00  |a dcastane 
260 |a La Paz  |b Gisbert  |c 2003 
500 |a Incluye mapa político de Bolivia 
650 7 |a HISTORIA DE BOLIVIA  |2 CL-VaPUC  |9 538716 
650 0 |a Conquista  |9 339504 
650 0 |a América Prehispánica  |9 538717 
650 0 |a Independencia   |9 344246 
650 7 |a REPUBLICA BOLIVIANA  |2 CL-VaPUC  |9 538718 
583 |a last modification  |c 20090723 00:00:00  |k Rodrigo Vera 
999 |c 334960  |d 334958 
952 |0 0  |1 0  |4 0  |6 984_000000000000000_MES_2003  |7 0  |8 X  |9 424402  |a FDOBUD  |b FDOBUD  |d 2019-11-22  |i 4578538  |o 984 MES 2003  |p 4578538  |r 2019-11-22  |w 2019-11-22  |y BK_X  |k BUD